Deadpool 2: Members of the X-Force by Picture - Statistics

General Stats
  • This quiz has been taken 40 times
  • The average score is 6 of 8
Answer Stats
Picture Answer % Correct
Deadpool
100%
Cable
93%
Domino
93%
Peter Wisdom
72%
Vanisher
69%
Shatterstar
55%
Zeitgeist
41%
Bedlam
34%
No matching quizzes found
Score Distribution
Percent of People with Each Score
Percentile by Number Answered
Your Score History
You have not taken this quiz